Sports Quiz

Random Sports or WWE Quiz

WWE Becky Lynch PPV Opponents Quiz Stats

 Plays Quiz not verified by Sporcle

Score 0/76 Timer 05:00
0 Plays Today
Event Opponent % Correct
Royal Rumble
January 27, 2019
Royal Rumble Match (Last eliminated)
Charlotte Flair
97.4%
Fastlane
March 10, 2019
Charlotte Flair
96.6%
Battleground
July 23, 2017
#1 Contender's Elimination Match
Charlotte
96.4%
Money in the Bank
June 18, 2017
Money in the Bank Ladder Match
Charlotte
96%
SummerSlam
August 19, 2018
SmackDown Women's Championship
Charlotte Flair
96%
WrestleMania
April 3, 2016
Women's Championship
Charlotte
95.9%
Hell in a Cell
September 16, 2018
SmackDown Women's Championship
Charlotte Flair
95.9%
Survivor Series
November 20, 2016
Elimination Tag Team Match
Charlotte Flair
95.9%
Money in the Bank
June 17, 2018
Money in the Bank Ladder Match
Sasha Banks
95.8%
Money in the Bank
June 17, 2018
Money in the Bank Ladder Match
Charlotte Flair
95.8%
Money in the Bank
June 19, 2016
Tag Team Match
Charlotte
95.7%
TLC
December 16, 2018
TLC Match for the SmackDown Women's Championship
Charlotte Flair
95.7%
Royal Rumble
January 24, 2016
Divas Championship
Charlotte
95.5%
SummerSlam
August 23, 2015
Tag Team Elimination Match
Nikki Bella
95.5%
Evolution
October 29, 2018
Last Woman Standing Match for the SmackDown Women's Championship
Charlotte Flair
95.4%
WrestleMania
April 7, 2019
Raw and SmackDown Women's Championship
Charlotte Flair
95%
SummerSlam
August 23, 2015
Tag Team Elimination Match
Brie Bella
94.5%
Backlash
September 11, 2016
SmackDown Women's Championship
Nikki Bella
94.4%
SummerSlam
August 23, 2015
Tag Team Elimination Match
Sasha Banks
94.3%
Survivor Series
November 19, 2017
Tag Team Elimination
Sasha Banks
94.1%
WrestleMania
April 3, 2016
Women's Championship
Sasha Banks
93.8%
Survivor Series
November 20, 2016
Elimination Tag Team Match
Sasha Banks
93.7%
SummerSlam
August 21, 2016
Tag Team Match
Nikki Bella
93.7%
SummerSlam
August 19, 2018
SmackDown Women's Championship
Carmella
93%
Money in the Bank
June 17, 2018
Money in the Bank Ladder Match
Naomi
92.8%
Fastlane
March 11, 2018
Tag Team Match
Carmella
92.8%
SummerSlam
August 23, 2015
Tag Team Elimination Match
Naomi
92.6%
Royal Rumble
January 27, 2019
SmackDown Women's Championship
Asuka
92.2%
Fastlane
March 11, 2018
Tag Team Match
Natalya
92.1%
Money in the Bank
June 17, 2018
Money in the Bank Ladder Match
Alexa Bliss
92%
Backlash
September 11, 2016
SmackDown Women's Championship
Alexa Bliss
91.8%
TLC
December 4, 2016
Tables Match for the SmackDown Women's Championship
Alexa Bliss
91.7%
WrestleMania
April 7, 2019
Raw and SmackDown Women's Championship
Ronda Rousey
91.7%
Fastlane
February 21, 2016
Tag Team Match
Naomi
91.6%
WrestleMania
April 2, 2017
SmackDown Women's Championship
Carmella
91.6%
Backlash
September 11, 2016
SmackDown Women's Championship
Naomi
91.5%
Backlash
May 21, 2017
Tag Team Match
Carmella
91.4%
Money in the Bank
June 18, 2017
Money in the Bank Ladder Match
Carmella
91.3%
Event Opponent % Correct
TLC
December 16, 2018
TLC Match for the SmackDown Women's Championship
Asuka
91.3%
SummerSlam
August 21, 2016
Tag Team Match
Natalya
91.3%
Backlash
September 11, 2016
SmackDown Women's Championship
Natalya
91.2%
Money in the Bank
June 17, 2018
Money in the Bank Ladder Match
Natalya
91.1%
SummerSlam
August 21, 2016
Tag Team Match
Alexa Bliss
91.1%
Battleground
July 23, 2017
#1 Contender's Elimination Match
Natalya
91%
Money in the Bank
May 19, 2019
SmackDown Women's Championship
Charlotte Flair
90.9%
WrestleMania
April 2, 2017
SmackDown Women's Championship
Naomi
90.7%
WrestleMania
April 2, 2017
SmackDown Women's Championship
Alexa Bliss
90.7%
WrestleMania
April 2, 2017
SmackDown Women's Championship
Natalya
90.1%
Backlash
September 11, 2016
SmackDown Women's Championship
Carmella
90%
Backlash
May 21, 2017
Tag Team Match
Natalya
90%
Money in the Bank
June 18, 2017
Money in the Bank Ladder Match
Natalya
89.9%
Battleground
July 24, 2016
Natalya
89.8%
SummerSlam
August 23, 2015
Tag Team Elimination Match
Tamina
89.6%
Money in the Bank
June 18, 2017
Money in the Bank Ladder Match
Tamina
89%
Fastlane
February 21, 2016
Tag Team Match
Tamina
89%
SummerSlam
August 23, 2015
Tag Team Elimination Match
Alicia Fox
88.9%
Backlash
May 21, 2017
Tag Team Match
Tamina
88.8%
Battleground
July 23, 2017
#1 Contender's Elimination Match
Tamina
88.7%
Survivor Series
November 20, 2016
Elimination Tag Team Match
Alicia Fox
86.4%
Survivor Series
November 19, 2017
Tag Team Elimination
Alicia Fox
85%
Survivor Series
November 19, 2017
Tag Team Elimination
Bayley
84.4%
Survivor Series
November 20, 2016
Elimination Tag Team Match
Bayley
83.8%
Survivor Series
November 20, 2016
Elimination Tag Team Match
Nia Jax
83.1%
Survivor Series
November 19, 2017
Tag Team Elimination
Nia Jax
82.9%
Money in the Bank
May 19, 2019
Raw Women's Championship
Lacey Evans
81.8%
Money in the Bank
June 17, 2018
Money in the Bank Ladder Match
Lana
76.4%
Survivor Series
November 19, 2017
Tag Team Elimination
Asuka
76.1%
Elimination Chamber
February 12, 2017
Mickie James
75.3%
WrestleMania
April 2, 2017
SmackDown Women's Championship
Mickie James
74.4%
Money in the Bank
June 19, 2016
Tag Team Match
Dana Brooke
71.5%
Battleground
July 23, 2017
#1 Contender's Elimination Match
Lana
70.7%
Money in the Bank
June 17, 2018
Money in the Bank Ladder Match
Ember Moon
65.8%
Royal Rumble
January 28, 2018
Royal Rumble Match (Eliminated by)
Ruby Riott
50.5%
Stomping Grounds
June 23, 2019
Raw Women's Championship
Lacey Evans
0%
Extreme Rules
July 14, 2019
Mixed Tag Match for the Raw Women's Championship & Universal Championship
Baron Corbin
0%
Extreme Rules
July 14, 2019
Mixed Tag Match for the Raw Women's Championship & Universal Championship
Lacey Evans
0%

You're not logged in!

Compare scores with friends on all Sporcle quizzes.
OR
Log In

Show Comments

Extras

Created Aug 23, 2015ReportNominate
Tags:WWE Quiz, event, kevin, opponent, owen, PPV

Top Quizzes Today


Score Distribution

Your Account Isn't Verified!

In order to create a playlist on Sporcle, you need to verify the email address you used during registration. Go to your Sporcle Settings to finish the process.

Report this User

Report this user for behavior that violates our Community Guidelines.

Details: